| 000 | 01557nam0a2200349 4500 | ||
|---|---|---|---|
| 001 | RU\NLR\BIBL_A\011681792 | ||
| 005 | 20250909095111.0 | ||
| 010 |
_a978-5-7696-4764-2 _93000 |
||
| 021 |
_aRU _bКН-П-18-019349 _9КН-П-18-1407 |
||
| 035 | _a(NLR Aleph) 011681792 | ||
| 035 | _a(RuMoRGB)009574006 | ||
| 090 |
_a11290568 _c11290568 |
||
| 100 | _a20180413d2018 d y0rusy50 ca | ||
| 101 | 0 | _arus | |
| 102 | _aRU | ||
| 105 | _aa|||z|||000zy | ||
| 200 | 1 |
_aОхота без выстрела _eзвери и птицы Якутии в объективе фотокамеры Александра Дерсу _fАлександр Дерсу |
|
| 210 |
_aЯкутск _cБичик _d2018 |
||
| 215 |
_a94, [1] с. _cцв. ил. _d22 |
||
| 300 | _aВ вып. дан. авт.: Кривошапкин Александр Анатольевич-Дерсу; в макете авт.: Кривошапкин А.А. (к.б.н.) | ||
| 333 | _a12+ | ||
| 606 | 1 |
_aЖивотные _jФотоальбомы _yСаха (Якутия), Республика _92374608 _3RU\NLR\AUTH\661417170 |
|
| 686 |
_aЕ685.9(2Р54-6Я)я6 _2rubbk |
||
| 686 |
_aЩ163(2Р=Я)7-8Кривошапкин А.А.447.8я6 _2rubbk |
||
| 686 |
_aЩ167.83(2Р=Я)7я6 _2rubbk |
||
| 686 | 1 | _aЕ685.9(2Р54-6я)я61 | |
| 700 | 1 |
_7ca _8rus _aКривошапкин _bА. А. _f1966-2022 _gАлександр Анатольевич _9188817 _3RU\NLR\AUTH\770188868 |
|
| 942 | _cBOOK | ||
| 980 | _aNBR | ||
| 980 | _aNB | ||